Public administration in America /

Bibliographic Details
Main Author: Gordon, George J.
Format: Book
Language:English
Published: New York, N.Y. : St. Martin's Press, [1978]
Subjects:

MARC

Tag First Indicator Second Indicator Subfields
LEADER 00000cam a2200000 a 4500
001 in00000637513
005 20151015052942.0
008 780906s1978 nyua b 00110 engm
010 |a  77086006  
020 |a 0312653867 
035 |a (OCoLC)03866882 
035 |9 ACU3591AM 
040 |a DLC  |c DLC  |d TXA  |d UtOrBLW 
043 |a n-us--- 
049 |a TXAM  |c [932184] 
050 0 0 |a JF1351  |b .G66 
082 0 |a 353 
100 1 |a Gordon, George J. 
245 1 0 |a Public administration in America /  |c George J. Gordon ; [cover design, Mies Hora]. 
264 1 |a New York, N.Y. :  |b St. Martin's Press,  |c [1978] 
264 4 |c ©1978 
300 |a xii, 470 pages :  |b illustrations ;  |c 25 cm. 
336 |a text  |b txt  |2 rdacontent 
337 |a unmediated  |b n  |2 rdamedia 
338 |a volume  |b nc  |2 rdacarrier 
504 |a Includes bibliographical references and index. 
536 |a Dr. Paul P. Van Riper collecton, Department of Political Science,1998. 
650 0 |a Public administration. 
650 0 |a Public administration  |z United States. 
999 |a MARS 
999 f f |s c01af18d-88f5-3b9c-b84b-995f7a799e74  |i 6dd5810a-2ac5-3249-8395-4899463d56db  |t 0